00707naa#a2200169#i#4500001001600000005001700016011001400033100004100047102000700088200016700095210005200262215001100314608002700325675012500352700003800477856002200515EN\\bibl\11947520260419083102.7##a2949-1258##a20260403b2026####ek#y0engy0150####ca##aRU1#aModel of training district police officers for individual preventive work with supervised persons in the system of professional official trainingeJournal article1#aVladivostokcVladivostok State Universityd2026##a13 с.##aJournal article2local##aНародное образование. Воспитание. Обучение. Организация досуга. 37#1aShevlyakovgAleksander Sergeevich4#aojkum.editorum.ru